00650nam a2200169Ia 4500008004000000020001800040082001600058100003200074245006100106260003600167300001100203650002800214690002500242906001200267999001900279952018200298210210b2004 xxu||||| |||| 00| 0 eng d a1 4051 2727 9 a616.01 GANB aGANDHI (Monica) and Others. aBlueprints notes and cases: microbiology and immunology. aUSAbBlackwell publishingc2004 axi,208 aMicrobiology immunology aMedical Microbiology aSG04426 c115079d115079 001040708medical scienceaALbALcmedical scienced2021-02-17eIntel Book Distributors Pvt Ltd, Bangalore.g0.00l0o616.01 GANBpSG04426r2021-02-17 00:00:00w2021-02-17ySG